Current Dum Dum Flavors - Statistics

General Stats
  • This quiz has been taken 502 times
    501 since last reset
  • The average score is 9 of 17
Answer Stats
Answer % Correct
Cherry
84%
Strawberry
83%
Root Beer
82%
Grape
74%
Orange
67%
Blueberry
59%
Watermelon
59%
Cotton Candy
55%
Mystery
54%
Bubblegum
53%
Blu Raspberry
52%
Butterscotch
48%
Cream Soda
40%
Mango
32%
Sour Apple
30%
Fruit Punch
24%
Dulce de Leche
13%
No matching quizzes found
Score Distribution
Percent of People with Each Score
Percentile by Number Answered
Your Score History
You have not taken this quiz since the last reset